[Event "Rheinhausen op"]
[Site "Duisburg"]
[Date "2005.01.14"]
[Round "2"]
[White "Ehrentraut, Andreas"]
[Black "Pak, Raman"]
[Result "0-1"]
[WhiteElo "1773"]
[BlackElo "2200"]
[PlyCount "100"]
[EventDate "2005.01.07"]
[EventType "swiss"]
[EventRounds "7"]
[EventCountry "GER"]
[SourceTitle "EXT 2006"]
[Source "ChessBase"]
[SourceDate "2005.11.24"]
[SourceVersion "1"]
[SourceVersionDate "2005.11.24"]
[SourceQuality "1"]

1. e4 c5 2. f4 e6 3. Nf3 Nc6 4. d4 cxd4 5. Nxd4 Qb6 6. Nxc6 bxc6 7. Nc3 Nf6 8. e5 Nd5 9. Nxd5 cxd5 10. Bd3 Ba6 11. Bxa6 Qxa6 12. Qd3 Qb6 13. a3 a5 14. b3 Bc5 15. Bb2 g6 16. Rd1 Rc8 17. c4 Rb8 18. Bd4 Bxd4 19. Qxd4 Qxd4 20. Rxd4 Rxb3 21. cxd5 Rxa3 22. Kf2 0-0 23. dxe6 dxe6 24. Rhd1 Ra2+ 25. Kf3 Ra3+ 26. Kf2 Rb3 27. Rd8 Rb8 28. Rxb8 Rxb8 29. Ra1 Ra8 30. Ra4 Kf8 31. Ke3 Ke7 32. h4 h5 33. g3 Ra7 34. Ra3 a4 35. Kd4 f6 36. exf6+ Kxf6 37. Ke4 Ra5 38. Ke3 Kf5 39. Kf3 Ra6 40. Ke3 Ra5 41. Kf3 e5 42. fxe5 Kxe5 43. Ke3 Kd5 44. Kd3 Ra6 45. Ke3 Kc4 46. Kf4 Kb4 47. Ra1 Ra5 48. g4 hxg4 49. Kxg4 a3 50. Rb1+ Kc3 0-1

[Event "Rheinhausen op"]
[Site "Duisburg"]
[Date "2005.01.07"]
[Round "1"]
[White "Denzer, Wilfried"]
[Black "Ehrentraut, Andreas"]
[Result "0-1"]
[WhiteElo "1311"]
[BlackElo "1773"]
[PlyCount "108"]
[EventDate "2005.01.07"]
[EventType "swiss"]
[EventRounds "7"]
[EventCountry "GER"]
[SourceTitle "EXT 2006"]
[Source "ChessBase"]
[SourceDate "2005.11.24"]
[SourceVersion "1"]
[SourceVersionDate "2005.11.24"]
[SourceQuality "1"]

1. e4 d5 2. exd5 Nf6 3. Nc3 c6 4. dxc6 Nxc6 5. Nf3 Bg4 6. Be2 e6 7. a3 Bc5 8. d3 0-0 9. 0-0 a6 10. Bg5 h6 11. Bh4 g5 12. Bg3 Nh5 13. Nd2 Nxg3 14. hxg3 Bf5 15. Nf3 Qd6 16. Ne4 Bxe4 17. dxe4 Qxg3 18. c3 Qf4 19. Qc2 g4 20. Qd2 Qxd2 21. Nxd2 g3 22. Nb3 Ba7 23. Nc1 Ne5 24. Nb3 Bxf2+ 25. Rxf2 gxf2+ 26. Kxf2 f5 27. exf5 Rxf5+ 28. Kg1 Rd8 29. Nd4 Rf6 30. Re1 Ng6 31. Bc4 Nf4 32. Rf1 Kf7 33. Kh2 Nd5 34. Nf3 Ne3 35. Ne5+ Ke7 36. Re1 Nxc4 37. Nxc4 Rf4 38. Ne5 Rf2 39. Ng6+ Kf6 40. Nh4 Rdd2 41. Rb1 e5 42. b4 b5 43. Kg3 e4 44. Re1 Rde2 45. Rxe2 Rxe2 46. Kf4 Rc2 47. Kxe4 Rxc3 48. Kd5 Rxa3 49. Nf3 Rxf3 50. gxf3 Kf5 51. Kd4 Kf4 52. Kc5 Kxf3 53. Kb6 h5 54. Kxa6 h4 0-1